[Event "Copenhagen Ch"]
[Site "Copenhagen"]
[Date "2003.02.09"]
[Round "3"]
[White "Thrane, Jens"]
[Black "Zachariassen, John"]
[Result "0-1"]
[WhiteElo "1518"]
[BlackElo "1856"]
[PlyCount "64"]
[EventDate "2003.02.07"]
[EventType "swiss"]
[EventRounds "9"]
[EventCountry "DEN"]

1. d4 g6 2. c4 Bg7 3. e4 d6 4. Nc3 Nc6 5. Be3 Nf6 6. f3 e5 7. d5 Ne7 8. Bd3 Nh5
9. Nge2 f5 10. h3 f4 11. Bf2 O-O 12. b4 g5 13. a4 Nf6 14. Kd2 c6 15. Qb3 Rf7
16. Rag1 Ng6 17. Nc1 Nh5 18. Qd1 Nf6 19. Be2 Bf8 20. Ke1 cxd5 21. Nxd5 Nxd5 22.
exd5 e4 23. fxe4 Ne5 24. Bd4 Qe8 25. Qb3 Bg7 26. Kd1 Bd7 27. b5 Rc8 28. Bxe5
Qxe5 29. Bd3 h5 30. Re1 g4 31. Rh2 f3 32. gxf3 Qxh2 0-1

[Event "Copenhagen Ch"]
[Site "Copenhagen"]
[Date "2003.02.07"]
[Round "1"]
[White "Zachariassen, John"]
[Black "Jakobsen, Ole"]
[Result "0-1"]
[WhiteElo "1856"]
[BlackElo "2377"]
[PlyCount "92"]
[EventDate "2003.02.07"]
[EventType "swiss"]
[EventRounds "9"]
[EventCountry "DEN"]

1. g3 e5 2. Bg2 Nf6 3. d3 d5 4. Nc3 Be7 5. Bd2 O-O 6. Qc1 d4 7. Nd1 c5 8. e3
Nc6 9. Ne2 Be6 10. f3 c4 11. Nf2 Rc8 12. O-O dxe3 13. Bxe3 Nd5 14. dxc4 Nxe3
15. Qxe3 Bxc4 16. Rfd1 Qc7 17. c3 Rcd8 18. b3 Ba6 19. Bf1 b6 20. Rxd8 Rxd8 21.
Nc1 Bc5 22. Qe1 Bxf2+ 23. Kxf2 Bxf1 24. Kxf1 Qd7 25. Kf2 h5 26. Ne2 Qd3 27. Rc1
g6 28. h4 Rd6 29. c4 e4 30. Rc3 Ne5 31. f4 Ng4+ 32. Kg1 Qd2 33. Qxd2 Rxd2 34.
Kf1 Rxa2 35. c5 bxc5 36. Rxc5 Ne3+ 37. Ke1 Nf5 38. Rc4 e3 39. Kf1 Kf8 40. Re4
Rxe2 41. Kxe2 Nxg3+ 42. Kxe3 Nxe4 43. Kxe4 Ke7 44. f5 Kf6 45. fxg6 fxg6 46. Kf4
a5 0-1

[Event "Copenhagen Ch"]
[Site "Copenhagen"]
[Date "2003.02.13"]
[Round "8"]
[White "Zachariassen, John"]
[Black "Hansen, Alexei"]
[Result "0-1"]
[WhiteElo "1856"]
[BlackElo "1652"]
[PlyCount "83"]
[EventDate "2003.02.07"]
[EventType "swiss"]
[EventRounds "9"]
[EventCountry "DEN"]

1. g3 g6 2. Bg2 Bg7 3. Nc3 c5 4. d3 d6 5. Bd2 e6 6. Qc1 Ne7 7. Nd1 O-O 8. Bh6
Qa5+ 9. c3 Bxh6 10. Qxh6 Nbc6 11. f3 b5 12. Nh3 Nf5 13. Qd2 Bd7 14. Ndf2 d5 15.
e4 Nfe7 16. O-O Rab8 17. f4 b4 18. g4 f5 19. gxf5 bxc3 20. bxc3 gxf5 21. Nd1
Rf7 22. Qf2 d4 23. cxd4 cxd4 24. Kh1 Qa3 25. exf5 exf5 26. Rg1 Rg7 27. Qe2 Nb4
28. Ndf2 Ng6 29. Rab1 Rb6 30. Qd2 Qxa2 31. Qxa2+ Nxa2 32. Rxb6 axb6 33. Rb1 b5
34. Bd5+ Kf8 35. Ra1 Nc3 36. Bf3 Nh4 37. Ba8 b4 38. Nd1 Re7 39. Nxc3 dxc3 40.
Bd5 Be6 41. Ra8+ Kg7 42. Ng5 0-1

[Event "Copenhagen Ch"]
[Site "Copenhagen"]
[Date "2003.02.09"]
[Round "4"]
[White "Zachariassen, John"]
[Black "Jensen, Lars Max"]
[Result "0-1"]
[WhiteElo "1856"]
[BlackElo "1742"]
[PlyCount "118"]
[EventDate "2003.02.07"]
[EventType "swiss"]
[EventRounds "9"]
[EventCountry "DEN"]

1. g3 d5 2. Bg2 Nf6 3. d3 e6 4. Nc3 c5 5. Bd2 Nc6 6. Qc1 Be7 7. Nh3 e5 8. f3 d4
9. Nd1 Nd5 10. e4 Nc7 11. O-O Be6 12. f4 f6 13. Ndf2 b5 14. f5 Bf7 15. g4 c4
16. Kh1 a5 17. Ng1 Na6 18. h4 Rc8 19. Qd1 Qb6 20. Bf3 h6 21. Ngh3 Nc5 22. g5
hxg5 23. hxg5 cxd3 24. cxd3 Nxd3 25. Nxd3 Rxh3+ 26. Kg2 Rh8 27. b3 fxg5 28. Qe1
Nb4 29. Nxb4 axb4 30. Rc1 Ra8 31. Rc2 Kd7 32. Qg3 d3 33. Rb2 Qd4 34. Rfb1 Rhc8
35. f6 gxf6 36. Be3 Qd6 37. Rd1 Rc3 38. Rbd2 Kc7 39. Bg1 Qc6 40. Kf1 Rc1 41.
Qe1 Rxd1 42. Rxd1 Rxa2 43. Qe3 Be6 44. Bf2 Bh3+ 45. Kg1 Kb7 46. Rc1 Rc2 47.
Qa7+ Kc8 48. Qxe7 Rxc1+ 49. Kh2 Bd7 50. Qxb4 Rc2 51. Kg3 Qe6 52. Bg2 Qg4+ 53.
Kh2 Qh5+ 54. Kg1 Rc1+ 55. Bf1 Rxf1+ 56. Kxf1 Qh1+ 57. Bg1 Qf3+ 58. Bf2 Bh3+ 59.
Ke1 Qe2# 0-1

[Event "Copenhagen Ch"]
[Site "Copenhagen"]
[Date "2003.02.11"]
[Round "6"]
[White "Zachariassen, John"]
[Black "Moller, Arne"]
[Result "1-0"]
[WhiteElo "1856"]
[BlackElo "2018"]
[PlyCount "69"]
[EventDate "2003.02.07"]
[EventType "swiss"]
[EventRounds "9"]
[EventCountry "DEN"]

1. g3 d5 2. Bg2 Nf6 3. Nc3 e5 4. d3 c6 5. Bd2 Bd6 6. Qc1 Be6 7. Nd1 Nbd7 8. Nh3
h6 9. f3 Qc7 10. Ndf2 d4 11. e4 g5 12. c3 O-O-O 13. Qd1 Nh5 14. b4 f5 15. exf5
Bf7 16. c4 Ndf6 17. a4 Qe7 18. a5 Ng7 19. g4 Bc7 20. O-O e4 21. dxe4 Bxc4 22.
Re1 Be5 23. Qc2 Bb5 24. Nd3 Qd6 25. Nxe5 Qxe5 26. f4 Qc7 27. Bf3 h5 28. Nxg5
hxg4 29. Bg2 Rh4 30. e5 d3 31. Qc5 Nd5 32. f6 Nf5 33. Qxa7 Qd7 34. e6 Qe8 35.
e7 1-0